№ 3; Национальные стандарты

Dades bibliogràfiques
Parent link:Национальные стандарты: Информационный указатель/ Федеральное агентство по техническому регулированию и метрологии. № 3.— , 2004-
Idioma:rus
Publicat: 2016
Format: Llibre
KOHA link:https://koha.lib.tpu.ru/cgi-bin/koha/opac-detail.pl?biblionumber=560304

MARC

LEADER 00000nam2a2200000 4500
001 560304
005 20231101122749.0
035 |a (RuTPU)RU\TPU\prd\255350 
090 |a 560304 
100 |a 20160414a19409999k y0rusy50 ca 
101 0 |a rus 
102 |a RU 
200 0 |a № 3 
210 |d 2016 
461 1 |0 (RuTPU)RU\TPU\prd\23792  |t Национальные стандарты  |o Информационный указатель  |f Федеральное агентство по техническому регулированию и метрологии  |v № 3  |d 2004- 
801 0 |a RU  |b 63413507  |c 20010227  |g PSBO 
801 1 |a RU  |b 63413507  |c 20160414 
801 2 |a RU  |b 63413507  |c 20191202  |g RCR 
942 |c BK 
999 |a НТБ_ТПУ  |b ЧЗКДП  |e -1/20160111  |s 6/20151117  |u 0,00  |v 1